Witchy Woman-Eagles Lyric Quiz - Statistics

General Stats
  • This quiz has been taken 22 times
  • The average score is 92 of 150
Answer Stats
Hint Answer % Correct
the
100%
a
92%
an
92%
and
92%
her
92%
I
92%
she
92%
Verse 2 She
92%
witchy
92%
woman
92%
eye
83%
fly
83%
in
83%
you
83%
fingertips
75%
from
75%
got
75%
moon
75%
night
75%
she's
75%
sparks
75%
hair
67%
lips
67%
me
67%
Verse 1 Raven
67%
ruby
67%
see
67%
how
58%
to
58%
your
58%
been
50%
but
50%
flies
50%
high
50%
hoo
50%
know
50%
let
50%
Chorus Woo
50%
woo
50%
echoed
42%
on
42%
tell
42%
there's
42%
with
42%
brother
33%
devils
33%
endless
33%
flight
33%
going
33%
lover
33%
restless
33%
voices
33%
want
33%
bed
25%
can
25%
drove
25%
herself
25%
madness
25%
round
25%
silver
25%
sleeping
25%
some
25%
spirit
25%
spoon
25%
time
25%
Verse 3 Well
25%
crazy
17%
firelight
17%
laughter
17%
red
17%
room
17%
skin
17%
someone's
17%
'til
17%
turns
17%
another
8%
dancing
8%
held
8%
rumors
8%
shadows
8%
spellbound
8%
underground
8%
rock
0%
No matching quizzes found
Score Distribution
Percent of People with Each Score
Percentile by Number Answered
Your Score History
You have not taken this quiz